000 00890nas a2200313 4500
001 BR6007863
003 BR-BrBNA
005 20231205082034.0
007 ta
008 230509b bl.|||p| |||| 00| 00por d
040 _aBR-BrBNA
_bpor
_cBiblioteca Nacional de Agricultura
041 _a(Pt)
072 _aL20; F10
100 1 _aAbreu, O.C.
100 1 _aAbramides, P.
100 1 _aCampos, A.R.
100 1 _aBonilha, N.A.
245 1 _aZoneamento ecologico da sericicultura no Estado de Sao Paulo [amora, bicho da seda]
650 _aECOLOGIA ANIMAL
650 _aMETEOROLOGIA
650 _aCLIMATOLOGIA
650 _aAMORA
650 _aBICHO DA SEDA
650 _aSERICICULTURA
650 _aSAO PAULO
773 0 _tZootecnia (Brazil)
_xISSN 0044-5320
_g(Apr 1976), v. 14(2) p. 121-132
_wBR6007863
909 _a202311
_bLúcia
_c55
_dLúcia Elande
942 _2AGRIS
_n0
_cANA
999 _c88752
_d88752